000
00279nam a22001337a 4500
020
_a
978-9353167509
041
_a
ENG
100
_a
Duggal. S.K
245
_a
Survying Vol 1
260
_a
Delhi
_b
Tata McGraw -Hill Pub
_c
1996
300
_a
662
650
_a
SWCE
856
_u
SWCE
999
_c
636
_d
636